000 01957cam a22003377a 4500
001 15419534
003 OSt
005 20211007102854.0
008 080820s2008 sz a b 001 0 eng d
010 _a 2008276691
020 _a9780878494767 (pbk.)
035 _a(OCoLC)ocn225554970
038 _akhadija
040 _aCOP
_cCOP
_dCOP
_dBTCTA
_dBAKER
_dYDXCP
_dDLC
042 _alccopycat
050 0 0 _aQC176.2
_b.G73 2008
082 0 0 _a620.11292
_222
_bGRA
100 1 _aGräfe, Wolfgang.
_982978
245 1 0 _aTime-dependent Mechanical Properties of Solids /
_cWolfgang Gräfe.
260 _aStafa-Zuerich ;
_aEnfield, N.H. :
_bTrans Tech Publications,
_c2008.
300 _a161 p. :
_bill. ;
_c25 cm.
440 0 _aMaterials science foundations,
_x1422-3597 ;
_vv. 45
_982979
504 _aIncludes bibliographical references and index.
505 0 _aMigration processes induced in solids -- Stress relaxation in glasses -- Density relaxations in glasses -- The background of internal friction -- Creep of steel and the static fatigue of glass -- The activation energy of the static fatigue and creep -- Fatigue due to an oscillating load of steel and aluminum -- Statistical checks of Stromeyer's fatigue formula -- Models for defect growth -- Generalized laws of strength degradation -- A compressive stress resulting from Tamm's electronic surface states -- The activation energy of creep and the surface energy of solids -- Open questions -- Nonlinear regression -- Solutions for the damped oscillations 1 -- Solutions for the damped oscillations 2 -- Harmonics by stress relaxation -- The approximate linearity of equation (7.9) -- A tube-like specimen for fatigue tests
563 _aPB
650 0 _aSolids
_xMechanical properties.
_982980
650 0 _aGlass.
_942787
906 _a7
_bcbc
_ccopycat
_d2
_encip
_f20
_gy-gencatlg
942 _2ddc
_cBK
999 _c32140
_d32140